000 01135cam a2200337 a 4500
001 2101
005 20250206082905.0
020 _a9780375838095
020 _a97880545152976
020 _a9780375938092
040 _aDLC
_cDLC
_beng
050 0 0 _aPZ7.P2197
_bJsh 2007
082 0 0 _a808.8027
_222
100 1 _aPark, Barbara
245 1 0 _aJunie B., first grader :
_bdumb bunny /
_cBarbara Park ; illustrated by Denise Brunkus.
246 3 0 _aDumb bunny
260 _aNew York :
_bRandom House,
_c2007
300 _a119 pages :
_billustrations
_c20 cm
490 0 _aLaugh out loud with Junie B. Jones
_v27
505 _aI
520 _aFirst grader Junie B. Jones is determined to win the grand prize at wealthy classmate Lucille's Easter egg hunt--a playdate in Lucille's heated swimming pool.
521 _a410
_bLexile
521 _aI
_bRaz-Plus
650 1 _aEaster egg hunts
_vFiction
650 1 _aWinning and losing
_vFiction.
650 1 _aParties
_vFiction.
650 1 _aHumorous stories.
700 1 _aBrunkus, Denise
_eillustrator
906 _a7
_bcbc
_corignew
_d1
_eecip
_f20
_gy-gencatlg
942 _2ddc
_cBK
_n0
999 _c2101
_d2101